Nociones y prácticas de Literatura Española / (Record no. 138344)

MARC details
000 -LEADER
campo de control de longitud fija 00607nam a2200169 4500
001 - NÚMERO DE CONTROL
campo de control 138344
003 - IDENTIFICADOR DE NÚMERO DE CONTROL
campo de control ES-MaACL
007 - CAMPO FIJO DE DESCRIPCIÓN FÍSICA--INFORMACIÓN GENERAL
campo de control de longitud fija t|
008 - DATOS DE LONGITUD FIJA--INFORMACIÓN GENERAL
campo de control de longitud fija 070214s1946 sp r ||||1| spa d
100 1# - ENTRADA PRINCIPAL--NOMBRE DE PERSONA
Nombre de persona Sancho Barreda, Miguel.
9 (RLIN) 103031
245 10 - MENCIÓN DEL TÍTULO
Título Nociones y prácticas de Literatura Española /
Mención de responsabilidad, etc. por Miguel Sancho Barreda ; corregida y aumentada por Antonio Palou Llaó.
250 ## - MENCION DE EDICION
Mención de edición 3ª ed.
260 ## - PUBLICACIÓN, DISTRIBUCIÓN, ETC.
Lugar de publicación, distribución, etc. Zaragoza :
Nombre del editor, distribuidor, etc. [s. n.],
Fecha de publicación, distribución, etc. 1946 (
Fabricante Talleres tipográficos de los sucesores de Torres Virgili)
300 ## - DESCRIPCIÓN FÍSICA
Extensión 318 p. ;
Dimensiones 22 cm.
700 1# - ENTRADA AGREGADA--NOMBRE PERSONAL
Nombre de persona Palou Llaó, Antonio.
9 (RLIN) 88719
852 ## - LOCALIZACIÓN
Ubicación ES-MaACL
Número de control de estantería E-2006
Sublocalización o colección R.23043
Holdings
Estatus retirado Estado de pérdida Estado de daño No para préstamo Biblioteca de origen Biblioteca actual Ubicación en estantería Fecha de adquisición Fuente de adquisición Total de préstamos Signatura topográfica completa Código de barras Visto por última vez Precio de reemplazo Tipo de ítem Koha
        Biblioteca del Ateneo de Madrid Biblioteca del Ateneo de Madrid Depósito 2 17/01/2008     E-2006 1143955 23/02/2023 23/02/2023 Libro impreso